Labour institutions, Japanese competition, and the crisis of cotton mills in interwar Mumbai (Record no. 76860)

000 -LEADER
fixed length control field 01141pab a2200169 454500
008 - FIXED-LENGTH DATA ELEMENTS--GENERAL INFORMATION
fixed length control field 180718b2008 xxu||||| |||| 00| 0 eng d
100 ## - MAIN ENTRY--PERSONAL NAME
Personal name Roy, Tirthankar
245 ## - TITLE STATEMENT
Title Labour institutions, Japanese competition, and the crisis of cotton mills in interwar Mumbai
260 ## - PUBLICATION, DISTRIBUTION, ETC.
Date of publication, distribution, etc. 2008
300 ## - PHYSICAL DESCRIPTION
Extent p.37-45.
362 ## - DATES OF PUBLICATION AND/OR SEQUENTIAL DESIGNATION
Dates of publication and/or sequential designation 5 Jan
520 ## - SUMMARY, ETC.
Summary, etc. India and Japan were leading centres of the cotton textile mill industry in the inter world, thanks to a significant wage advantage they shared over their Atlantic rivals. Mills in India found it hard to deal with competition from Japan until protective tariffs came to their rescue. Several contemporaries attributed the outcome to the industriousness of the workers, and one viewpoint held the mode of labour organisation in the Indian mills to be responsible for high labour turnover and neglect of training. The paper discusses this perspective and suggests that that the theme of labour organisation has enduring relevance for the study of comparative industrialisation. - Reproduced.
650 ## - SUBJECT ADDED ENTRY--TOPICAL TERM
Topical term or geographic name entry element Textile industry
773 ## - HOST ITEM ENTRY
Main entry heading Economic and Political Weekly
908 ## - PUT COMMAND PARAMETER (RLIN)
Put command parameter N
909 ## -
-- 76860
Holdings
Withdrawn status Lost status Damaged status Not for loan Permanent Location Current Location Date acquired Serial Enumeration / chronology Barcode Date last seen Price effective from Koha item type
        Indian Institute of Public Administration Indian Institute of Public Administration 2018-07-19 Volume no: 43, Issue no: 1 AR77320 2018-07-19 2018-07-19 Articles

Powered by Koha